Gyermekeknek. apró darabok kezdő zongorázóknak [oktávfogás nélkül] : magyar gyermekés népdalok felhasználásával / 1

Main Author: Bartók, Béla, 1881-1945
Language: No linguistic content
Published: Budapest : Zeneműkiadó Vállalat, 1962
Edition: 11. kiad.
Physical Description: 24 s.
Musical Score Musical Score
Saved in:
LEADER 00802ncm a22002172a 4500
001 001261483
003 CZ BrMZK
005 20121029092204.0
007 qu
008 121029s1962 hu |||||||||||||||||zxx d
040 |a BOA001  |b cze 
072 7 |a 786  |x Hudba pro klávesové nástroje  |2 Konspekt  |9 9 
100 1 |a Bartók, Béla,  |d 1881-1945  |7 jn19990000488  |4 cmp 
245 1 0 |a Gyermekeknek.  |n 1  |h [hudebnina] :  |b apró darabok kezdő zongorázóknak [oktávfogás nélkül] : magyar gyermekés népdalok felhasználásával /  |c Bartók Béla 
250 |a 11. kiad. 
260 |a Budapest :  |b Zeneműkiadó Vállalat,  |c 1962 
300 |a 24 s. 
910 |a BOA001  |b Mus4-0491.177,1 
990 |a MU 
991 |b 201210 
996 6 |b 2619076123  |c Mus4-0491.177,1  |l MZK  |r Sklad / do 1 hodiny  |n 0  |w 001295302  |u 000010  |a 1  |e BOA001  |j MZK50  |s P